00396nam a2200157Ia 450000500170000000800410001702000150005805000230007310000160009624500430011226000350015530000270019044000060021752100070022352600080023020140313093549.0140130s9999 xx 000 0 und d a0590466372 aPZ 7b.K65Hhs 1993 aKline, Suzy cKline, SuzyaHorrible harry's secret / bScholastic,c1993.aNew York : a52 p. :bill ;c21 cm. v1 aG2 c450